Nazioni vincitrici UEFA Champions League - Morte improvvisa - Statistics

Statistiche generali
  • Questo quiz è stato fatto 153 volte
    123 dall'ultimo reset
  • Il punteggio medio è 8 su 10
Answers on the Grid
Answers color-coded by a green-red scale on the quiz's grid according to % correct below.
Spagna
Inghilterra
Italia
Germania
Paesi Bassi
Portogallo
Francia
Romania
Scozia
Jugoslavia
Belgio
Grecia
Svezia
Irlanda
Belgio
Danimarca
Polonia
Repubblica Ceca
Norvegia
Ucraina
Bulgaria
Grecia
Turchia
Austria
 
Statistiche sulle risposte
Risposta % Corretto
Italia
95%
Inghilterra
88%
Germania
86%
Spagna
86%
Francia
85%
Paesi Bassi
81%
Portogallo
81%
Jugoslavia
56%
Romania
52%
Scozia
49%
Nessun quiz corrispondente trovato
Distribuzione punteggi
Percentuale di utenti per punteggio
Percentile per numero di risposta
I tuoi punteggi nel tempo
Non hai fatto questo quiz dall'ultimo reset